On This Day (June 10th) Multiple Choice - Statistics

General Stats
  • This quiz has been taken 8 times
  • The average score is 5 of 15
Answer Stats
Question Answer % Correct
1838 – Myall Creek massacre: Twenty-eight of which indigenous people are murdered ? Aboriginal Australians
67%
1935 – Dr. Robert Smith founds which organisation in Akron, Ohio, USA ? Alcoholics Anonymous
67%
2001 – Pope John Paul II canonizes which country's first female saint, Saint Rafqa ? Lebanon
67%
1977 – James Earl Ray escapes from Brushy Mountain State Prison in which state of the US ? Tennessee
50%
1829 – The first Boat Race between the University of Oxford and the University of Cambridge takes place on which river ? Thames
50%
1940 – World War II: The Kingdom of Italy declares war on France and which other country ? United Kingdom
50%
1793 – The Jardin des Plantes museum opens in Paris. A year later, it becomes the first public what ? Zoo
50%
1991 – Eleven-year-old Jaycee Lee Dugard is kidnapped in South Lake Tahoe, California; she would remain a captive until which year ? 2009
33%
2002 – John Gotti, American mobster, dies. What did the media call him ? "The Teflon Don"
33%
1596 – Willem Barentsz and Jacob van Heemskerk discover which island ? Bear Island
17%
1924 – Fascists kidnap and kill Italian Socialist leader Giacomo Matteotti in which city ? Rome
17%
1624 – Signing of the Treaty of Compiègne between France and the which other nation ? Netherlands
0%
1947 – Which company produces its first automobile ? Saab
0%
1963 – The Equal Pay Act of 1963, aimed at abolishing wage disparity based on what, was signed into law by John F. Kennedy ? Sex
0%
1990 – British Airways Flight 5390 lands safely at which airport after a blowout in the cockpit causes the captain to be partially sucked from the cockpit ? Southampton
0%
No matching quizzes found
Score Distribution
Percent of People with Each Score
Percentile by Number Answered
Your Score History
You have not taken this quiz